Soft exchange rate bands and speculative attacks theory, and evidence from the ERM since august 1993

Enregistré dans:
Détails bibliographiques
Auteur principal: Bartolini, Leonardo
Autres auteurs: Prati, Alessandro
Format: Livre
Langue:anglais
Publié: Washington IMF 1998
Collection:IMF working paper WP/98/156
Sujets:
Tags: Ajouter un tag
Pas de tags, Soyez le premier à ajouter un tag!

MARC

LEADER 00000nam a2200000 4500
001 c106906
005 20250509104059.2
041 0 |a eng 
044 |a US 
245 1 0 |a Soft exchange rate bands and speculative attacks  |b theory, and evidence from the ERM since august 1993  |c Prepared by Leonardo Bartolini and Alessandro Prati 
264 1 |a Washington  |b IMF  |c 1998 
300 |a 29 s. 
490 1 |a IMF working paper  |v WP/98/156 
830 0 |a IMF working paper  |v WP/98/156 
610 2 0 |a obchod 
610 2 0 |a zóny 
610 2 0 |a kurz devízový 
610 2 0 |a modely 
610 2 0 |a kurz výmenný 
610 2 0 |a trh finančný 
610 2 0 |a banky centrálne 
610 2 0 |a trh peňažný 
610 2 0 |a mena 
610 2 0 |a Európa 
100 1 |a Bartolini, Leonardo 
700 1 |a Prati, Alessandro